000 00540nam a22001937a 4500
003 KOHA_MİRAKIL
005 20251124113810.0
008 251124b tu ||||| |||| 00| 0 tur d
020 _a9789750751295
040 _aTR-AnABB
_btur
_cTR-AnABB
041 _atur
082 _a853.912
_bPAV 2021
100 1 _aPavese, Cesare,
245 1 0 _aTepelerdeki şeytan /
_cCesare Pavese
260 _aİstanbul :
_bCan Sanat Yayınları,
_c2021
300 _a172 sayfa ;
_c20 cm
650 0 4 _aİtalyan edebiyatı, roman
942 _2ddc
_cBK
999 _c9592
_d9592
900 _bGizem YORULMAZ